000 00608nam a22001817a 4500
999 _c189487
_d189487
005 20220701160752.0
010 _aENG-133420
020 _a9789391138578
_c695.00
035 _aEN-116752
037 _bDBAD/PUB
082 _a658.406
100 _aAnderson, Donald L.
245 _aOrganization Design:
_bCreating Strategic & Agilel Organizations/
_cDonald L. Anderson
260 _aNew Delhi
_bSage Publications India Pvt. Ltd
_c2019
270 _aB1/I-I Mohan Cooperative Industrial Area Mathura Road
_bNew Delhi
_e110044
300 _avp.
_c23cm(pbk)
942 _2ddc
_cEN
_h658.406
_mAND